01154nam a2200193Ia 4500003000900000005001700009008004100026040003100067040001300098041000800111100002600119100000800145245012200153260003800275300001800313490002000331500002000351520058900371IT-RoPAU20220918175650.0120407s9999 xx 000 0 und d aIT-RoPAUc20140510094738.0 cIT-RoPAU aita aCruciani M. Cristina  csr. aStoria e teologia della messa in onore di Maria Regina degli ApostolibEstratto dalla tesi di Licenza in S. liturgia. c1988aRomabCasa Generalizia PDDM a105 p.c21 cm vVol. n. 7aPDDM aUso manoscritto aIndice Presentazione Introduzione Abbreviazione e sigle Capitolo I - Introduzione storica Capitolo II - Il formulario della Messa in onore di Maria Regina degli Apostoli: testo del 1980 1. L'eucologia 2. Testi biblici 3. Canti 4. Testi intermedi: 1915 - 1943 Capitolo III - Il formulario della Messa in onore di Maria Regina degli Apostoli in uso presso la Famiglia Paolina. Testo del 1973 - 1983 1. L'eucologia 2. Liturgia della Parola 3. Canti Conclusione Note Appendici Documenti iconografici Maria Vergine Regina degli Apostoli - Breve commento al nuovo formulario della Messa